<?xml version="1.0" encoding="UTF-8"?><?xml-stylesheet type="text/xsl" href="static/style.xsl"?><OAI-PMH xmlns="http://www.openarchives.org/OAI/2.0/" xmlns:xsi="http://www.w3.org/2001/XMLSchema-instance" xsi:schemaLocation="http://www.openarchives.org/OAI/2.0/ http://www.openarchives.org/OAI/2.0/OAI-PMH.xsd"><responseDate>2026-06-06T18:32:36Z</responseDate><request verb="GetRecord" identifier="oai:docta.ucm.es:20.500.14352/49020" metadataPrefix="marc">https://docta.ucm.es/rest/oai/request</request><GetRecord><record><header><identifier>oai:docta.ucm.es:20.500.14352/49020</identifier><datestamp>2024-06-17T14:52:07Z</datestamp><setSpec>com_20.500.14352_14</setSpec><setSpec>col_20.500.14352_15</setSpec></header><metadata><record xmlns="http://www.loc.gov/MARC21/slim" xmlns:dcterms="http://purl.org/dc/terms/" xmlns:xsi="http://www.w3.org/2001/XMLSchema-instance" xmlns:doc="http://www.lyncode.com/xoai" xsi:schemaLocation="http://www.loc.gov/MARC21/slim http://www.loc.gov/standards/marcxml/schema/MARC21slim.xsd">
   <leader>00925njm 22002777a 4500</leader>
   <datafield ind2=" " ind1=" " tag="042">
      <subfield code="a">dc</subfield>
   </datafield>
   <datafield ind2=" " ind1=" " tag="720">
      <subfield code="a">Jeffers, Clara R.</subfield>
      <subfield code="e">author</subfield>
   </datafield>
   <datafield ind2=" " ind1=" " tag="260">
      <subfield code="c">2011-06</subfield>
   </datafield>
   <datafield ind2=" " ind1=" " tag="520">
      <subfield code="a">Memoria de investigación de fin del Máster de Gestión de Bibliotecas y Documentación realizado en la Facultad de Ciencias de Documentación, con especialización en Patrimonio Bibliográfico. Se profundiza en el estudio de las Crónicas de indias, como género literario desde el punto de vista de su producción impresa desde la llegada de los españoles al otro lado del Atlántico hasta los movimientos de independencia americanos que caracterizaron el siglo XIX. Nos centraremos en esta sección en el tema de la investigación, el alcance geográfico y lingüístico, el alcance temporal y la delimitación del corpus según la ubicación de los ejemplares en la Biblioteca Histórica de la UCM "Marqués de Valdecilla".</subfield>
   </datafield>
   <datafield ind1="8" ind2=" " tag="024">
      <subfield code="a">https://hdl.handle.net/20.500.14352/49020</subfield>
   </datafield>
   <datafield ind2="0" ind1="0" tag="245">
      <subfield code="a">Crónicas americanas en la Biblioteca Histórica "Marqués de Valdecilla": aproximación a un repertorio tipobibliográfico: trabajo de investigación</subfield>
   </datafield>
</record></metadata></record></GetRecord></OAI-PMH>